Segundo tratado sobre el gobierno civil: un ensayo acerca del verdadero origen, alcance y fin del gobierno civil. Salus populi suprema lex esto

Uloženo v:
Podrobná bibliografie
Hlavní autor: Locke, John (autor)
Médium: Kniha
Jazyk:španělština
Vydáno: Madrid Alianza 1990
Vydání:1a. ed
Edice:Clásicos, 1483
Témata:
Tagy: Přidat tag
Žádné tagy, Buďte první, kdo vytvoří štítek k tomuto záznamu!

MARC

LEADER 00000cam a2200000 a 4500
001 UCD2942
003 CL-VaPUC
008 160520e19900000sp |||||||||||||||||spa|d
020 |a 8420604836 
082 0 4 |a 320.01  |b LOC  |2 21 
100 |a Locke, John  |e autor  |9 258383 
245 1 0 |a Segundo tratado sobre el gobierno civil: un ensayo acerca del verdadero origen, alcance y fin del gobierno civil. Salus populi suprema lex esto 
250 |a 1a. ed 
300 |a 238 p 
942 |c BK 
945 |d 20160520 11:34:00  |a dcastane 
260 |a Madrid  |b Alianza  |c 1990 
650 7 |a FILOSOFIA POLITICA  |2 CL-VaPUC  |9 586343 
650 7 |a TEORIA POLITICA  |2 CL-VaPUC  |9 586344 
650 7 |a SISTEMAS POLITICOS  |2 CL-VaPUC  |9 586345 
583 |a last modification  |c 20160520 11:34:00  |k Rodrigo Vera 
490 0 |a Clásicos, 1483 
999 |c 364051  |d 364049 
952 |0 0  |1 0  |3 erb  |4 0  |6 320_010000000000000_LOC_1990  |7 0  |8 A  |9 476963  |a FDOHBE  |b BIBHIS  |e Huesbe Llanos, Marco Antonio, 1934-  |i 5304520  |l 1  |o 320.01 LOC 1990  |p 5304520  |r 2024-01-30  |s 2022-04-26  |w 2019-11-24  |y BK  |z Catalogado en:20160520  |k HBE